<?xml version="1.0" encoding="UTF-8"?>
<marc:record xmlns:marc="http://www.loc.gov/MARC21/slim">
   <marc:leader>00000nam a2200000 a 4500</marc:leader>
   <marc:datafield ind1="1" ind2=" " tag="100">
      <marc:subfield code="a">Walden, Laura</marc:subfield>
      <marc:subfield code="4">aut</marc:subfield>
      <marc:subfield code="e">Verfasser/-in</marc:subfield>
   </marc:datafield>
   <marc:datafield ind1="0" ind2="0" tag="245">
      <marc:subfield code="a">Melodie der Zauberbucht</marc:subfield>
   </marc:datafield>
   <marc:datafield ind1="0" ind2="0" tag="245">
      <marc:subfield code="b">Neuseelandroman</marc:subfield>
   </marc:datafield>
   <marc:datafield ind1="0" ind2="0" tag="245">
      <marc:subfield code="c">Laura Walden</marc:subfield>
   </marc:datafield>
   <marc:datafield ind1=" " ind2="1" tag="264">
      <marc:subfield code="a">Köln</marc:subfield>
      <marc:subfield code="b">Bastei Lübbe Taschenbuch</marc:subfield>
      <marc:subfield code="c">2017</marc:subfield>
   </marc:datafield>
   <marc:datafield ind1="1" ind2=" " tag="520">
      <marc:subfield code="a">Stella Wilson ist Muschelzüchterin auf Neuseelands Südinsel. Bei der gestandenen Geschäftsfrau bringt allein ihre Tochter eine weichere Seite hervor, denn Holly ist das Unterpfand einer unvergessenen Jugendliebe. Stella musste den begnadeten Pianisten Oliver zwar damals gehen lassen, doch die Trennung hat sie nur schwer verwunden. Nun endlich, mehr als zwanzig Jahre später, ist sie drauf und dran, dem Charme ihres Nachbarn Jayden zu erliegen - da kündigt Oliver seinen Besuch an. Was will er von ihr? Die alte Liebe zurück? Und wie wird er reagieren, wenn er von Holly erfährt?</marc:subfield>
   </marc:datafield>
   <marc:datafield ind1=" " ind2=" " tag="020">
      <marc:subfield code="a">9783404175680</marc:subfield>
      <marc:subfield code="9">9783404175680</marc:subfield>
   </marc:datafield>
   <marc:datafield ind1=" " ind2=" " tag="020">
      <marc:subfield code="a">3404175689</marc:subfield>
      <marc:subfield code="9">3404175689</marc:subfield>
   </marc:datafield>
   <marc:datafield ind1=" " ind2=" " tag="300">
      <marc:subfield code="a">509 S.</marc:subfield>
   </marc:datafield>
</marc:record>
